[Event "IRL-ch Seniors 65"]
[Site "Dublin"]
[Date "2024.01.06"]
[Round "5"]
[White "Bermingham, Tony"]
[Black "Mccarthy, Paddy J"]
[Result "1-0"]
[WhiteElo "1792"]
[BlackElo "1751"]
[PlyCount "103"]
[EventDate "2024.01.04"]
[EventType "swiss"]
[EventRounds "7"]
[EventCountry "IRL"]
[SourceTitle "CB02_2024"]
[SourceDate "2024.01.10"]
[SourceVersion "1"]
[SourceVersionDate "2024.01.10"]
[SourceQuality "1"]

1. e4 e5 2. Nc3 Nf6 3. Bc4 Nc6 4. d3 Bc5 5. f4 d6 6. Nf3 Bg4 7. h3 Bxf3 8. Qxf3 Na5 9. Bb3 Nxb3 10. axb3 c6 11. Bd2 b5 12. Ne2 0-0 13. b4 Bb6 14. fxe5 dxe5 15. Bg5 Qd6 16. Bd2 Rad8 17. Ng3 Ne8 18. Nf5 Qe6 19. Qg3 Kh8 20. Rf1 g6 21. Bh6 Rg8 22. Nh4 f5 23. Nf3 f4 24. Qh4 Rd7 25. g3 Bd8 26. Bg5 Bxg5 27. Nxg5 Qe7 28. 0-0-0 Rf8 29. gxf4 exf4 30. Rxf4 Rxf4 31. Qxf4 Qf6 32. Qxf6+ Nxf6 33. Rf1 Nh5 34. Kd2 Kg7 35. Ne6+ Kh6 36. Ke3 Rd6 37. Nc5 Kg5 38. e5 Rd5 39. d4 Ng3 40. Rd1 Kh4 41. b3 h5 42. c4 Nf5+ 43. Ke4 Rd8 44. d5 cxd5+ 45. cxd5 Kxh3 46. d6 h4 47. d7 Kg2 48. Ne6 Ng3+ 49. Ke3 Nf1+ 50. Ke2 Ng3+ 51. Ke1 g5 52. Nxg5 1-0

[Event "IRL-ch Seniors 65"]
[Site "Dublin"]
[Date "2024.01.06"]
[Round "4"]
[White "MacElligott, Gerard"]
[Black "Bermingham, Tony"]
[Result "1/2-1/2"]
[WhiteElo "1964"]
[BlackElo "1792"]
[PlyCount "65"]
[EventDate "2024.01.04"]
[EventType "swiss"]
[EventRounds "7"]
[EventCountry "IRL"]
[SourceTitle "CB02_2024"]
[SourceDate "2024.01.10"]
[SourceVersion "1"]
[SourceVersionDate "2024.01.10"]
[SourceQuality "1"]

1. Nf3 f5 2. g3 Nf6 3. Bg2 e6 4. 0-0 d6 5. d4 Be7 6. c4 0-0 7. Nc3 a5 8. Qc2 Nc6 9. e4 fxe4 10. Nxe4 Nxe4 11. Qxe4 Bf6 12. Bf4 Qe7 13. Rae1 Bd7 14. d5 exd5 15. Qxd5+ Qf7 16. Ng5 Bxg5 17. Qxf7+ Kxf7 18. Bxg5 Rae8 19. Bd2 Be6 20. b3 a4 21. Bc3 axb3 22. axb3 Bf5 23. Bd5+ Kg6 24. Rxe8 Rxe8 25. Re1 Rxe1+ 26. Bxe1 Nd4 27. Bxb7 Nxb3 28. Bc3 Be6 29. Be4+ Kf7 30. Bd3 Nc5 31. Be2 Na4 32. Ba5 Nb6 33. Bxb6 1/2-1/2

[Event "IRL-ch Seniors 65"]
[Site "Dublin"]
[Date "2024.01.05"]
[Round "3"]
[White "Bermingham, Tony"]
[Black "Reinhardt, Sean"]
[Result "1-0"]
[WhiteElo "1792"]
[BlackElo "1429"]
[PlyCount "85"]
[EventDate "2024.01.04"]
[EventType "swiss"]
[EventRounds "7"]
[EventCountry "IRL"]
[SourceTitle "CB02_2024"]
[SourceDate "2024.01.10"]
[SourceVersion "1"]
[SourceVersionDate "2024.01.10"]
[SourceQuality "1"]

1. e4 e6 2. d4 d5 3. Nd2 Bb4 4. c3 Ba5 5. Bd3 Nc6 6. Qg4 g5 7. e5 h5 8. Qe2 Nge7 9. a4 Nf5 10. Bxf5 exf5 11. Nb3 Bd7 12. Bd2 f4 13. Nc5 Bb6 14. Nb3 Be6 15. a5 Bf5 16. axb6 axb6 17. Qd1 Be4 18. f3 Bd3 19. h4 Rxa1 20. Nxa1 f6 21. exf6 Qxf6 22. hxg5 Qxg5 23. g4 Kd7 24. Kf2 Rh6 25. Bxf4 Qxf4 26. Qxd3 hxg4 27. Rxh6 Qxh6 28. Qf5+ Kd6 29. Qxg4 Qd2+ 30. Ne2 Nd8 31. Qf4+ Qxf4 32. Nxf4 c5 33. Nc2 Nc6 34. Ne2 Ke6 35. b4 Kf6 36. Nf4 Ne7 37. Ne3 cxd4 38. cxd4 b5 39. Nfxd5+ Nxd5 40. Nxd5+ Ke6 41. Nc3 b6 42. Ke3 Kf5 43. f4 1-0

[Event "London Classic op 4th"]
[Site "London"]
[Date "2012.12.07"]
[Round "7"]
[White "Bermingham, Tony"]
[Black "Chilton, James I"]
[Result "1-0"]
[WhiteElo "1959"]
[BlackElo "1779"]
[PlyCount "107"]
[EventDate "2012.12.01"]
[EventType "swiss"]
[EventRounds "9"]
[EventCountry "ENG"]
[SourceTitle "CBM 151 Extra"]
[Source "ChessBase"]
[SourceDate "2012.12.18"]
[SourceVersion "1"]
[SourceVersionDate "2012.12.18"]
[SourceQuality "1"]

1. e4 c5 2. d3 Nc6 3. g3 Nf6 4. Bg2 d6 5. h3 e5 6. Ne2 Be7 7. Nbc3 0-0 8. 0-0 Bd7 9. f4 Qc8 10. f5 Nd4 11. g4 h6 12. Ng3 b5 13. g5 hxg5 14. Bxg5 Qd8 15. Nh5 Bc6 16. Ng3 b4 17. Nce2 Nh7 18. Bd2 Rc8 19. c4 a5 20. Nxd4 cxd4 21. Qg4 Nf6 22. Qe2 Rb8 23. Bf3 Rb7 24. Kh2 Nh7 25. Rg1 Bh4 26. Nh5 f6 27. Rg4 Bg5 28. Be1 Be8 29. Rg2 Kh8 30. Ng3 Rg8 31. Bh5 Bxh5 32. Nxh5 Ra7 33. Kh1 Qe8 34. Ng3 Nf8 35. Bf2 Bh6 36. Rag1 g6 37. fxg6 Rxg6 38. Nf5 Rxg2 39. Rxg2 Rh7 40. Qg4 Ne6 41. Nxd6 f5 42. exf5 Qa8 43. fxe6 Rg7 44. Nf7+ Kh7 45. Qf5+ Kg8 46. Nxh6+ Kh8 47. Nf7+ Kg8 48. Qe4 Qf8 49. Rxg7+ Kxg7 50. Qxe5+ Kg6 51. Qg5+ Kh7 52. Qh5+ Kg7 53. Bxd4+ Kg8 54. Qh8# 1-0

[Event "London Classic op 4th"]
[Site "London"]
[Date "2012.12.03"]
[Round "3"]
[White "Bermingham, Tony"]
[Black "Eden, Tomer"]
[Result "0-1"]
[WhiteElo "1959"]
[BlackElo "2172"]
[PlyCount "88"]
[EventDate "2012.12.01"]
[EventType "swiss"]
[EventRounds "9"]
[EventCountry "ENG"]
[SourceTitle "CBM 151 Extra"]
[Source "ChessBase"]
[SourceDate "2012.12.18"]
[SourceVersion "1"]
[SourceVersionDate "2012.12.18"]
[SourceQuality "1"]

1. d4 Nf6 2. Nf3 e6 3. Bf4 b6 4. e3 Bb7 5. Bd3 Be7 6. Nbd2 d6 7. 0-0 Nh5 8. Re1 Nd7 9. h3 Nxf4 10. exf4 g6 11. Qe2 Nf6 12. g3 0-0 13. Ng5 Ne8 14. Ndf3 Ng7 15. Be4 Bxe4 16. Nxe4 d5 17. Ned2 c5 18. c3 Nf5 19. g4 Ng7 20. c4 Bd6 21. cxd5 exd5 22. Qe3 Qc7 23. f5 cxd4 24. Qxd4 Bc5 25. Qxd5 Qg3+ 26. Kh1 Qxh3+ 27. Nh2 Bxf2 28. Re2 Rad8 29. Qf3 Qxf3+ 30. Nhxf3 Bd4 31. Nb3 Bf6 32. g5 Nxf5 33. Rc2 Bg7 34. Re1 Rd3 35. Ne5 Bxe5 36. Rxe5 Rg3 37. Kh2 Rxg5 38. Rc7 Rd8 39. Rxa7 Rh5+ 40. Kg1 Rd1+ 41. Kf2 Rh2+ 42. Kf3 Rf1+ 43. Ke4 Re2+ 44. Kd5 Rd1+ 0-1